000
00332nam a2200157Ia 4500
100
_a
Lander/Cyril W
250
_a
2
942
_c
BK
654
_a
Power Electronics
245
_a
Power Electronics
260
_b
Tata Mc Graw hill
_a
New Delhi
_c
1987
082
_a
621.3
_b
LAN
300
_a
415
546
_a
ENGLISH
999
_c
25022
_d
25022